000 00716nam a22002057a 4500
999 _c15157
_d15157
003 AR-CdUCM
008 190426b ||||| |||| 00| 0 spa d
040 _aMUNICIPALIDAD PROVINCIAL DEL CUSCO
_cBIBLIOTECA MUNICIPAL DEL CUSCO
082 _aC / 869.56 /
_bN94
100 _aNuñez, Estuardo
_92660
245 _aPanorama actual de la poesía peruana /
260 _aLima :
_bAntena,
_c1938.
300 _a144 páginas ;
_c22 cm.
505 _aLa evolución de la nueva poesía peruana -- El purismo -- El neo-impresionismo -- El impresionismo indigenista...
650 _aPoesía.
_9139
650 _aPoesía peruana.
_9806
650 _aExpresionismo indigenista.
_934181
942 _2ddc
_cLIBROS
945 _awfj